00318nam a2200121Ia 4500003000400000008004100004082001800045100002700063245005300090260002800143300000800171650001700179OSt191201s2013 xx 000 0 und d a621.3845bRAW aRAPPAPORT, Theodore S. 0aWireless Communications: Principles and Practice aN. DelhibPearsonc2013 a709 aM.Tech (ECE)